500 CAKES AND BAKES (Record no. 8107)
[ view plain ]
| 000 -LEADER | |
|---|---|
| fixed length control field | 00325nam a22001457a 4500 |
| 020 ## - INTERNATIONAL STANDARD BOOK NUMBER | |
| International Standard Book Number | 978-0-7548-2456-5 |
| 082 ## - DEWEY DECIMAL CLASSIFICATION NUMBER | |
| Classification number | 641.6 |
| Item number | DAY |
| 100 ## - MAIN ENTRY--PERSONAL NAME | |
| Personal name | DAY , MARTHA |
| 245 ## - TITLE STATEMENT | |
| Title | 500 CAKES AND BAKES |
| 260 ## - PUBLICATION, DISTRIBUTION, ETC. (IMPRINT) | |
| Name of publisher, distributor, etc | ANNES PUBLISHER |
| Year of Publication | 2012 |
| 300 ## - PAGE DESCRIPTION | |
| No. of Pages | 256 |
| 650 ## - SUBJECT ADDED ENTRY--TOPICAL TERM | |
| Topical term or geographic name as entry element | FOOD MANAGEMENT |
| 653 ## - KEYWORDS--INDEX TERM | |
| Keyword term | CAKES, BAKES |
| 942 ## - ADDED ENTRY ELEMENTS (KOHA) | |
| Source of classification or shelving scheme | Dewey Decimal Classification |
| Koha item type | Books |
| 942 ## - ADDED ENTRY ELEMENTS (KOHA) | |
| -- | 1 |
| Withdrawn status | Lost status | Source of classification or shelving scheme | Damaged status | Not for loan | Collection code | Home library | Current library | Shelving location | Date acquired | Vendor Name | Cost, normal purchase price | SGTU | Bill Number | Total Checkouts | Full call number | Accession No. (Barcode) | Date last seen | Date last borrowed | Bill Date | Koha item type |
|---|---|---|---|---|---|---|---|---|---|---|---|---|---|---|---|---|---|---|---|---|
| Lost and Paid For | Dewey Decimal Classification | HOTEL MANAGEMENT | SGT Science & Social Sciences Library | SGT Science & Social Sciences Library | Text Book | 12/10/2015 | JINDAL BOOK SERVICE | 1300.00 | SGTU | 1775 | 3 | 641.6 DAY | HM601 | 05/07/2017 | 26/04/2017 | 07/09/2015 | Books | |||
| Dewey Decimal Classification | HOTEL MANAGEMENT | SGT Science & Social Sciences Library | SGT Science & Social Sciences Library | Text Book | 12/10/2015 | JINDAL BOOK SERVICE | 1300.00 | SGTU | 1775 | 8 | 641.6 DAY | HM602 | 13/01/2023 | 23/05/2022 | 07/09/2015 | Books |